| 000 | 00799cam a2200253 a 4500 | ||
|---|---|---|---|
| 001 | 106909 | ||
| 005 | 20230410101949.0 | ||
| 008 | 921125s1992 dr b 000 0 spa | ||
| 035 | _9(DLC) 92243096 | ||
| 035 | _a3463059 | ||
| 942 |
_2lcc _cbk |
||
| 010 | _a 92243096 | ||
| 040 |
_aDLC _cDLC |
||
| 050 | 1 | 4 |
_a118 F 1938.55 _bT233r 1992 |
| 100 | 1 | _aTaveras, Rafael. | |
| 245 | 1 | 0 |
_aRefundar la república / _cFafa Taveras. |
| 260 |
_aSanto Domingo : _bEdiciones Bloque Socialista, _c1992. |
||
| 300 |
_aviii, 159 p. ; _c21 cm. |
||
| 504 | _aIncludes bibliographical references (p. 157-159). | ||
| 650 | 4 | _aCES. | |
| 650 | 4 | _aColección Enriquillo Sánchez. | |
| 651 | 4 |
_aRepública Dominicana _xPolítica y gobierno _y1961- |
|
| 651 | 0 |
_aDominican Republic _xPolitics and government _y1961- |
|
| 999 |
_c16510 _d16510 |
||